000 00450nam a2200157 a 4500
005 20260112063302.0
020 _a9780750683869
039 9 _y 201101152249
_z staff
100 _aMalcolm Mcdonald
245 _aMarketing Plans: How To Prepare Them, How To Use Them/
_bMcdonald, Malcolm
250 _a[6th ed.]
260 _aButterworth-heinemann,
_b2007
991 _aVIRTUA40
991 _aVTLSSORT0080*0200*1000*2450*2500*2600*9991
909 _a3728
999 _c3297
_d3297